[Event "Montreal Quebec U1600 op"]
[Site "Montreal"]
[Date "1989.07.23"]
[Round "2"]
[White "Frizzle, Stan"]
[Black "Charest, Johanne"]
[Result "1-0"]
[WhiteElo "1431"]
[BlackElo "1558"]
[PlyCount "135"]
[EventDate "1989.07.22"]
[EventType "tourn"]
[EventRounds "8"]
[EventCountry "CAN"]
[SourceTitle "EXT 2022"]
[Source "ChessBase"]
[SourceDate "2021.10.06"]
[SourceVersion "1"]
[SourceVersionDate "2021.10.06"]
[SourceQuality "1"]

1. e4 e5 2. Nf3 Nc6 3. Bb5 a6 4. Ba4 Nf6 5. 0-0 Be7 6. Re1 b5 7. Bb3 0-0 8. a4 Bb7 9. axb5 axb5 10. Rxa8 Qxa8 11. d3 d6 12. Na3 Qa6 13. c3 Na5 14. Bc2 c5 15. Bd2 Nc6 16. Nh4 Nd8 17. Nf5 Re8 18. Bg5 d5 19. exd5 Nxd5 20. Nxe7+ Nxe7 21. d4 cxd4 22. cxd4 f6 23. Bxh7+ Kf8 24. Bh4 exd4 25. Qd3 Qc6 26. f3 g5 27. Be4 Qc7 28. Bg3 Qc5 29. Qxb5 Qc8 30. Bxb7 Nxb7 31. Nc4 Rd8 32. Nb6 Qc2 33. Nd7+ Kf7 34. Qxb7 d3 35. Nxf6 Qc5+ 36. Bf2 d2 37. Qb3+ Kxf6 38. Rd1 Qc6 39. Qc3+ Qxc3 40. bxc3 Rd3 41. Bd4+ Ke6 42. Kf2 Ng6 43. g3 Ne5 44. Bxe5 Kxe5 45. Ke2 Rxc3 46. Rxd2 Ra3 47. h3 Ra4 48. Ke3 Ra3+ 49. Rd3 Ra4 50. Rb3 Ra5 51. f4+ gxf4+ 52. gxf4+ Kf5 53. Kf3 Rc5 54. Re3 Ra5 55. h4 Rb5 56. h5 Ra5 57. h6 Kg6 58. Re6+ Kf7 59. Rb6 Rh5 60. Kg4 Rh1 61. Kf5 Rh5+ 62. Ke4 Kf8 63. f5 Kf7 64. Ke5 Rh1 65. Rb7+ Kf8 66. h7 Rh5 67. Ke6 Rh6+ 68. f6 1-0